La famille de ma mère - Statistiques

Statistiques générales
  • Ce quiz a été pris 21 fois
    20 depuis la dernière actualisation
  • Le résultat moyen est 3 sur 31
Statistiques - réponses
Hint Réponse % Correct
Lia
56%
B)c Leurs enfants Lou-Léa
50%
A) Son Frère Jean-Louis
28%
Grand-père maternel Louis
28%
B)a Leur 1ère fille Stéphanie
28%
B)c Leur Fils Nicolas
22%
Grand-mère maternelle Marie-Louise
17%
B)a Leurs filles Sarah
17%
A)a Leur Fils Thomas
17%
A)a Sa compagne Cecile
11%
C)a Leur 2ème Fille Annabelle
6%
A) Son (ex-Femme) Elise
6%
C) Son mari Joseph
6%
Amélie
0%
B)a son mari Bruno
0%
B) Son mari Daniel
0%
B)c Sa femme Emmeline
0%
C)a Son fils Ethan
0%
C) 3ème Soeur de ma mère Geneviève
0%
Isaac
0%
B)b Leur 2ème fille Jézahel
0%
C) Leur Fils Jocelin
0%
A)a Leurs fils Lewis
0%
A) Leur Fille Maïlys
0%
B) 2ème soeur de ma mère Marie-Agnès
0%
Sa Soeur ainée Marie-France
0%
Ma Maman Myriam
0%
A) Leur Fille Nikita
0%
Noam
0%
C) Leur 1er Fille Pascaline
0%
B)b Ses enfants Tiago
0%
Aucun quiz correspondant
Distribution des résultats
% des personnes avec chaque résultat
Percentile par nombre de réponses
Votre historique - résultats
Vous n’avez pas pris ce quiz depuis la dernière actualisation